000
00257nam a2200097Ia 4500
008
220120s9999||||xx |||||||||||||| ||und||
082
_a
005.13 SCH
100
_a
Schaum's out lines
245
0
_a
Theory and Problems of Programming with C
300
_a
237p;
_b
400
999
_c
136395
_d
136395